| 000 | 00758nam a2200265 a 4500 | ||
|---|---|---|---|
| 999 |
_c12269 _d12269 |
||
| 001 | 12269 | ||
| 003 | BD-JhCC | ||
| 005 | 20210920120210.0 | ||
| 008 | 210920b20072011nyu |||| ||a| 000 0 eng d | ||
| 020 | _a9781565643697 | ||
| 035 | _a(BD-JhCC)12269 | ||
| 040 |
_aBD-JhCC _dBD-JhCC |
||
| 041 | _aenglish | ||
| 082 |
_a297.28 _bSHA 2011 |
||
| 100 | _aShafiq,Muhammad | ||
| 245 |
_aInterfaith Dialogue: _bA Guide For Muslims / _cMuhammad Shafiq, Mohammed Abu-Nimer . |
||
| 260 |
_aLondon: _bThe International Institute of islamic thought; _c2011. |
||
| 300 |
_avii-xv,168 p. : _c22 cm. |
||
| 650 | _aDialoge -Religious Aspeets | ||
| 650 | _aIslam | ||
| 650 | _aInterfaith relatons | ||
| 700 | _aAbu-Nimer ,Mohammed | ||
| 942 |
_2ddc _cBK |
||